[Event "DVM U10 2020"]
[Site "Magdeburg GER"]
[Date "2021.08.07"]
[Round "3"]
[White "Bredl, Leander"]
[Black "Ahlers, Quentin"]
[Result "1/2-1/2"]
[Termination "normal"]
[Board "15.1"]
[WhiteElo "1144"]
[BlackElo "1431"]
[WhiteTeam "SC Garching 1980 e.V."]
[BlackTeam "SK Lehrte von 1919 e. V."]
[PlyCount "45"]
[WhiteFideId "34645268"]
[BlackFideId "16269551"]
[EventCountry "GER"]
[EventRounds "7"]
[EventType "team-swiss"]
[EventDate "2021.08.06"]

1. e4 e5 2. d4 exd4 3. c3 dxc3 4. Bc4 Nc6 5. Nf3 Bc5 6. Nxc3 Nge7 7. Ng5 Ne5 8.
Bb3 O-O 9. Bf4 N5c6 10. Qh5 h6 11. Nxf7 Rxf7 12. Qxf7+ Kh8 13. O-O d6 14. Nd5
Bd7 15. Nxe7 Nxe7 16. Qh5 Qf8 17. Qf7 Qxf7 18. Bxf7 Rf8 19. Bxh6 gxh6 20. Bd5
c6 21. Bb3 Ng6 22. Rad1 Nf4 23. Bc4 1/2-1/2

[Event "DVM U10 2020"]
[Site "Magdeburg GER"]
[Date "2021.08.07"]
[Round "3"]
[White "Ebel, Felix"]
[Black "Clarke-Griebsch, Elisa"]
[Result "1-0"]
[Termination "normal"]
[Board "15.2"]
[WhiteElo "955"]
[BlackElo "886"]
[WhiteTeam "SK Lehrte von 1919 e. V."]
[BlackTeam "SC Garching 1980 e.V."]
[PlyCount "79"]
[WhiteFideId "34651446"]
[EventCountry "GER"]
[EventRounds "7"]
[EventType "team-swiss"]
[EventDate "2021.08.06"]

1. e4 e5 2. Bc4 c6 3. Nc3 Bb4 4. Qh5 Qe7 5. Nf3 d6 6. O-O Be6 7. Bxe6 Qxe6 8.
Ng5 Qg6 9. Qg4 Nd7 10. a3 Ngf6 11. Qg3 Bxc3 12. dxc3 Nxe4 13. Nxe4 Qxe4 14.
Qxg7 O-O-O 15. Qxf7 Qxc2 16. Be3 Kb8 17. Rad1 d5 18. Rd2 Rhf8 19. Qxf8 Rxf8 20.
Rxc2 h5 21. Rd1 h4 22. h3 c5 23. Rxd5 Nb6 24. Rxe5 Nc4 25. Bxc5 Rd8 26. Re4 Nd6
27. Bxd6+ Rxd6 28. Rce2 a6 29. f4 Rf6 30. Rf2 Ka7 31. f5 Kb6 32. Re6+ Rxe6 33.
fxe6 Kc7 34. Rd2 Kb8 35. e7 Ka7 36. e8=Q Kb6 37. Rd6+ Ka7 38. Qe3+ b6 39. Qe7+
Kb8 40. Rd8# 1-0

[Event "DVM U10 2020"]
[Site "Magdeburg GER"]
[Date "2021.08.07"]
[Round "3"]
[White "Piffczyk, Claudia"]
[Black "Kosmehl, Friedrich"]
[Result "0-1"]
[Termination "normal"]
[Board "15.3"]
[WhiteElo "907"]
[BlackElo "943"]
[WhiteTeam "SC Garching 1980 e.V."]
[BlackTeam "SK Lehrte von 1919 e. V."]
[PlyCount "22"]
[WhiteFideId "34639829"]
[EventCountry "GER"]
[EventRounds "7"]
[EventType "team-swiss"]
[EventDate "2021.08.06"]

1. e4 c6 2. Nf3 d5 3. e5 Bg4 4. Nc3 e6 5. Bd3 Bc5 6. O-O Bxf3 7. Qxf3 Qg5 8.
Be2 Qxe5 9. Re1 Bd6 10. b3 Qxh2+ 11. Kf1 Qh1# 0-1

[Event "DVM U10 2020"]
[Site "Magdeburg GER"]
[Date "2021.08.07"]
[Round "3"]
[White "Stelter, Torge"]
[Black "Stein, Julius"]
[Result "1-0"]
[Termination "normal"]
[Board "15.4"]
[WhiteElo "761"]
[BlackElo "763"]
[WhiteTeam "SK Lehrte von 1919 e. V."]
[BlackTeam "SC Garching 1980 e.V."]
[PlyCount "33"]
[EventCountry "GER"]
[EventRounds "7"]
[EventType "team-swiss"]
[EventDate "2021.08.06"]

1. e4 e5 2. Nf3 Nf6 3. Nxe5 Nxe4 4. Qe2 d5 5. d3 Qe7 6. d4 Nc6 7. Nxc6 bxc6 8.
f3 Qh4+ 9. g3 Qf6 10. fxe4 dxe4 11. Qxe4+ Be6 12. Qxc6+ Bd7 13. Qxa8+ Ke7 14.
Qe4+ Kd8 15. Bf4 Bb4+ 16. c3 Kc8 17. Qa8# 1-0

[Event "DVM U10 2020"]
[Site "Magdeburg GER"]
[Date "2021.08.07"]
[Round "3"]
[White "Ensslen, Jakob"]
[Black "Rudolph, Simon"]
[Result "0-1"]
[Termination "normal"]
[Board "16.1"]
[WhiteElo "1103"]
[BlackElo "1207"]
[WhiteTeam "Karlsruher SF 1853"]
[BlackTeam "SC Leipzig-Lindenau"]
[PlyCount "120"]
[WhiteFideId "34640258"]
[BlackFideId "34617078"]
[EventCountry "GER"]
[EventRounds "7"]
[EventType "team-swiss"]
[EventDate "2021.08.06"]

1. e4 c5 2. Nf3 e6 3. Nc3 Nc6 4. Bb5 a6 5. Bxc6 dxc6 6. O-O Nf6 7. e5 Nd5 8.
Nxd5 cxd5 9. d4 Be7 10. c3 cxd4 11. cxd4 O-O 12. h3 Bd7 13. Be3 Rc8 14. Rc1 Qb6
15. b3 Ba3 16. Rxc8 Rxc8 17. Qd2 Rc7 18. Qd3 Bb5 19. Qd2 Bxf1 20. Kxf1 Rc1+ 21.
Ke2 Qc7 22. Ne1 Rb1 23. Nc2 Rb2 24. Kd1 Rxa2 25. Qd3 Qc8 26. Nxa3 Rxa3 27. h4
Qd8 28. Bg5 Qc7 29. h5 Qb6 30. Kc2 Qa5 31. Bd2 Ra2+ 32. Kc1 Ra1+ 33. Kc2 Qb5
34. Qc3 Qc6 35. Kb2 Qxc3+ 36. Bxc3 Rh1 37. g4 Rg1 38. f3 Rf1 39. h6 gxh6 40. b4
Rxf3 41. b5 axb5 42. Kb3 Rg3 43. Kb4 Rxg4 44. Kxb5 Rg3 45. Bd2 Rg5 46. Bxg5
hxg5 47. Kb6 g4 48. Kxb7 g3 49. Kc7 g2 50. Kd6 g1=Q 51. Ke7 Qg5+ 52. Kd6 Qd8+
53. Kc6 h5 54. Kb7 h4 55. Kc6 h3 56. Kb7 h2 57. Kc6 h1=R 58. Kb5 Qc8 59. Ka4
Rb1 60. Ka3 Qa8# 0-1

[Event "DVM U10 2020"]
[Site "Magdeburg GER"]
[Date "2021.08.07"]
[Round "3"]
[White "Richter, Peter"]
[Black "Maier, Kalle"]
[Result "0-1"]
[Termination "normal"]
[Board "16.2"]
[WhiteElo "802"]
[BlackElo "1070"]
[WhiteTeam "SC Leipzig-Lindenau"]
[BlackTeam "Karlsruher SF 1853"]
[PlyCount "136"]
[WhiteFideId "34617094"]
[BlackFideId "34669604"]
[EventCountry "GER"]
[EventRounds "7"]
[EventType "team-swiss"]
[EventDate "2021.08.06"]

1. d4 g6 2. h3 Nf6 3. g3 Bg7 4. Bg2 O-O 5. Nf3 d6 6. Bd2 Nbd7 7. O-O e5 8. Kh2
exd4 9. c3 dxc3 10. Nxc3 Re8 11. Rc1 Rb8 12. Bg5 b6 13. Nd5 Bb7 14. e4 Rxe4 15.
Bxf6 Nxf6 16. Nxf6+ Bxf6 17. Nh4 Re8 18. Bxb7 Rxb7 19. Qf3 Rb8 20. Rce1 Bxh4
21. gxh4 Re6 22. Rxe6 fxe6 23. Rg1 Qe7 24. Qh5 Kh8 25. Rxg6 Rg8 26. Rxg8+ Kxg8
27. Qg4+ Kh8 28. Qd4+ Qg7 29. Qc4 Qe5+ 30. Kg2 Qd5+ 31. Qxd5 exd5 32. f4 Kg7
33. Kf3 Kf6 34. Ke3 c5 35. a3 h5 36. b4 b5 37. bxc5 dxc5 38. Kd2 Kf5 39. Kc3
Kxf4 40. Kc2 Kg3 41. a4 bxa4 42. Kc3 Kxh3 43. Kd3 Kxh4 44. Kc3 Kg3 45. Kd3 h4
46. Ke2 a3 47. Kd2 a2 48. Kc2 a1=Q 49. Kd3 c4+ 50. Kd2 c3+ 51. Kd3 c2 52. Kxc2
Kf2 53. Kd3 Qa3+ 54. Kd4 Qb3 55. Ke5 Qc3+ 56. Kxd5 Qb4 57. Ke5 Qc4 58. Kf5 Qd4
59. Ke6 a6 60. Kf5 a5 61. Ke6 h3 62. Kf5 h2 63. Ke6 h1=R 64. Kf5 Rh5+ 65. Kg6
Rb5 66. Kh6 Qd6+ 67. Kh7 Rb7+ 68. Kh8 Qd8# 0-1

[Event "DVM U10 2020"]
[Site "Magdeburg GER"]
[Date "2021.08.07"]
[Round "3"]
[White "Dütsch, Kilian"]
[Black "Eschrig, Immanuel"]
[Result "1/2-1/2"]
[Termination "normal"]
[Board "17.1"]
[WhiteElo "864"]
[BlackElo "1094"]
[WhiteTeam "Schachklub Schweinfurt 2000 e.V."]
[BlackTeam "Greifswalder SV"]
[PlyCount "110"]
[WhiteFideId "34605517"]
[BlackFideId "34626506"]
[EventCountry "GER"]
[EventRounds "7"]
[EventType "team-swiss"]
[EventDate "2021.08.06"]

1. d4 d5 2. Bf4 Nf6 3. e3 Bf5 4. c3 e6 5. Bd3 Bxd3 6. Qxd3 Be7 7. Nf3 O-O 8.
Nbd2 Nbd7 9. Ng5 h6 10. Ngf3 Rc8 11. h4 c5 12. Rg1 c4 13. Qc2 Ng4 14. g3 Re8
15. Ne5 Ndxe5 16. Bxe5 Nxe5 17. dxe5 Qc7 18. Nf3 Rcd8 19. g4 b5 20. g5 h5 21.
g6 f6 22. exf6 Bxf6 23. Ng5 Bxg5 24. Rxg5 Rf8 25. O-O-O Qh2 26. Rd2 Qxh4 27.
Re5 Rf6 28. f4 Qg4 29. Rg2 Qh4 30. Rg1 Qh3 31. Re1 Qg3 32. Rg5 Qxe1+ 33. Qd1
Qxd1+ 34. Kxd1 Rf5 35. Rg1 e5 36. fxe5 Rxe5 37. Rg3 Rde8 38. Ke2 R8e6 39. Kd2
Kf8 40. Rf3+ Rf6 41. Rg3 Rf2+ 42. Ke1 Rxb2 43. Rf3+ Kg8 44. Kd1 Rxa2 45. Ke1 a5
46. Kd1 a4 47. Kc1 a3 48. Kb1 Re2 49. Ka1 R5xe3 50. Rxe3 Rxe3 51. Ka2 Rxc3 52.
Ka1 d4 53. Ka2 d3 54. Ka1 d2 55. Ka2 d1=Q 1/2-1/2

[Event "DVM U10 2020"]
[Site "Magdeburg GER"]
[Date "2021.08.07"]
[Round "3"]
[White "Khanbekyan, Aram"]
[Black "Gerull, Luis"]
[Result "0-1"]
[Termination "normal"]
[Board "17.2"]
[WhiteElo "900"]
[BlackElo "854"]
[WhiteTeam "Greifswalder SV"]
[BlackTeam "Schachklub Schweinfurt 2000 e.V."]
[PlyCount "90"]
[WhiteFideId "34606149"]
[BlackFideId "34606270"]
[EventCountry "GER"]
[EventRounds "7"]
[EventType "team-swiss"]
[EventDate "2021.08.06"]

1. e4 e5 2. Nf3 Nc6 3. d4 d6 4. Be3 Nf6 5. Nc3 d5 6. Bd3 Be6 7. O-O Bd6 8. a3
O-O 9. b4 a6 10. h3 Rb8 11. Rb1 b5 12. Re1 Qd7 13. Qd2 Rbd8 14. h4 dxe4 15.
Nxe4 Nxe4 16. Bxe4 exd4 17. Nxd4 Nxd4 18. Bxd4 Bh2+ 19. Kxh2 Qxd4 20. Qxd4 Rxd4
21. Rbd1 Rc4 22. Bd3 Rxh4+ 23. Kg1 Rc8 24. g3 Rg4 25. Kg2 Kh8 26. Rh1 h6 27. f3
Rg5 28. Be4 f5 29. Bb7 Rb8 30. Bxa6 Rb6 31. Rd8+ Kh7 32. Bc8 Bxc8 33. Rxc8 f4
34. g4 Rd5 35. Rxc7 Ra6 36. c4 Rd2+ 37. Kh3 bxc4 38. Rxc4 Rxa3 39. Rc8 Raa2 40.
Rc4 g5 41. b5 Rg2 42. Rc7+ Kg6 43. Rc6+ Kf7 44. Rg1 Rxg1 45. Rxh6 Rg3# 0-1

[Event "DVM U10 2020"]
[Site "Magdeburg GER"]
[Date "2021.08.07"]
[Round "3"]
[White "Nidermaier, Fredrik"]
[Black "Küstner, Frieder"]
[Result "1-0"]
[Termination "normal"]
[Board "17.3"]
[WhiteElo "759"]
[BlackElo "727"]
[WhiteTeam "Schachklub Schweinfurt 2000 e.V."]
[BlackTeam "Greifswalder SV"]
[PlyCount "69"]
[WhiteFideId "34615679"]
[EventCountry "GER"]
[EventRounds "7"]
[EventType "team-swiss"]
[EventDate "2021.08.06"]

1. e4 e5 2. Nf3 Nc6 3. Bb5 Bc5 4. Nc3 Nf6 5. Bxc6 dxc6 6. d3 Bg4 7. h3 Bh5 8.
Bg5 h6 9. Bh4 Qe7 10. O-O O-O-O 11. Na4 Bd4 12. c3 Bb6 13. Nxb6+ cxb6 14. Qe2
Rd7 15. Qe3 Rhd8 16. d4 exd4 17. cxd4 c5 18. dxc5 bxc5 19. e5 Rd3 20. exf6 Qxe3
21. fxe3 gxf6 22. Bxf6 R8d6 23. Be7 Re6 24. Bxc5 b6 25. Bd4 Bxf3 26. Rxf3 b5
27. Bxa7 f6 28. Rc1+ Kb7 29. Bd4 Rd6 30. Bxf6 Re6 31. Bd4 Rd2 32. Rf7+ Ka6 33.
Rc8 Rd1+ 34. Kh2 Rd6 35. Ra8# 1-0

[Event "DVM U10 2020"]
[Site "Magdeburg GER"]
[Date "2021.08.07"]
[Round "3"]
[White "Zander, Ben Erik"]
[Black "Snover, Tom"]
[Result "1/2-1/2"]
[Termination "normal"]
[Board "18.1"]
[WhiteElo "958"]
[BlackElo "1525"]
[WhiteTeam "Schachfreunde Hettstedt"]
[BlackTeam "Schachclub Aschaffenburg e.V."]
[PlyCount "41"]
[WhiteFideId "34627090"]
[BlackFideId "34604553"]
[EventCountry "GER"]
[EventRounds "7"]
[EventType "team-swiss"]
[EventDate "2021.08.06"]

1. e4 e5 2. Nf3 Nc6 3. Nc3 Nf6 4. d4 exd4 5. Nxd4 Bb4 6. Bb5 Bxc3+ 7. bxc3 Nxe4
8. Bxc6 bxc6 9. Qe2 Qe7 10. f3 Nxc3 11. Qxe7+ Kxe7 12. Nf5+ Kd8 13. Nxg7 Rg8
14. Bb2 Rxg7 15. O-O d5 16. Bxc3 Rg6 17. Rfe1 Bf5 18. Re2 Kd7 19. Rae1 Be6 20.
Re5 Rag8 21. g3 1/2-1/2

[Event "DVM U10 2020"]
[Site "Magdeburg GER"]
[Date "2021.08.07"]
[Round "3"]
[White "Schwab, Florentin"]
[Black "Kühne, Paul"]
[Result "1-0"]
[Termination "normal"]
[Board "18.2"]
[WhiteElo "934"]
[BlackElo "1040"]
[WhiteTeam "Schachclub Aschaffenburg e.V."]
[BlackTeam "Schachfreunde Hettstedt"]
[PlyCount "57"]
[WhiteFideId "34669051"]
[EventCountry "GER"]
[EventRounds "7"]
[EventType "team-swiss"]
[EventDate "2021.08.06"]

1. e4 e5 2. Nf3 Nc6 3. Bb5 d6 4. c3 Nf6 5. d3 Bd7 6. O-O a6 7. Ba4 d5 8. exd5
Nxd5 9. Bxc6 Bxc6 10. Nxe5 Bd6 11. Nxc6 bxc6 12. Re1+ Ne7 13. Be3 Rb8 14. b4
O-O 15. Nd2 Rb5 16. Nc4 Re8 17. Nxd6 Qxd6 18. Bc5 Qf6 19. Rc1 h6 20. c4 Rbb8
21. Re2 Rbd8 22. Rcc2 Rd7 23. Re3 Qh4 24. Qe2 Kf8 25. g3 Qg5 26. Rf3 a5 27. Qe6
f6 28. Qxd7 f5 29. Re3 1-0

[Event "DVM U10 2020"]
[Site "Magdeburg GER"]
[Date "2021.08.07"]
[Round "3"]
[White "Heidenreich, Piero"]
[Black "Mauch, Jurek"]
[Result "1-0"]
[Termination "normal"]
[Board "18.3"]
[WhiteElo "821"]
[BlackElo "764"]
[WhiteTeam "Schachfreunde Hettstedt"]
[BlackTeam "Schachclub Aschaffenburg e.V."]
[PlyCount "103"]
[WhiteFideId "34664289"]
[BlackFideId "34627634"]
[EventCountry "GER"]
[EventRounds "7"]
[EventType "team-swiss"]
[EventDate "2021.08.06"]

1. e4 e5 2. Nf3 Nc6 3. Nc3 Bc5 4. Bb5 a6 5. Bxc6 dxc6 6. Nxe5 Qd4 7. Nd3 Nf6 8.
Nxc5 Qxc5 9. d4 Qe7 10. Qe2 O-O 11. e5 Nd5 12. Nxd5 cxd5 13. Qf3 c6 14. Bd2 Rb8
15. a3 h6 16. Bb4 Qe8 17. Bd6 Ra8 18. Bxf8 Qxf8 19. Rc1 b5 20. Qc3 Qe8 21. O-O
Bf5 22. Qf3 Qc8 23. Rfe1 Qe6 24. h3 Bg6 25. b3 Rc8 26. Re2 Be4 27. Qg4 Qxg4 28.
hxg4 c5 29. f3 Bg6 30. dxc5 Rxc5 31. b4 Rc3 32. Rce1 Rc8 33. f4 f6 34. e6 Be8
35. Rd1 d4 36. Rxd4 Rc7 37. Rd8 Re7 38. Ra8 Kh7 39. Rxa6 Bg6 40. f5 Be8 41. c4
bxc4 42. a4 Kg8 43. Ra8 Kf8 44. b5 g5 45. fxg6 Kg7 46. b6 Bxg6 47. Ra7 Bd3 48.
Rxe7+ Kf8 49. Rf7+ Kg8 50. e7 Kxf7 51. e8=Q+ Kg7 52. Re7# 1-0

[Event "DVM U10 2020"]
[Site "Magdeburg GER"]
[Date "2021.08.07"]
[Round "3"]
[White "Krüger, Moritz"]
[Black "González Peisker, Mateo León"]
[Result "0-1"]
[Termination "normal"]
[Board "19.1"]
[WhiteElo "1040"]
[BlackElo "1151"]
[WhiteTeam "Hannover 96"]
[BlackTeam "SV Multatuli Ingelheim e.V."]
[PlyCount "106"]
[WhiteFideId "34608923"]
[BlackFideId "34610138"]
[EventCountry "GER"]
[EventRounds "7"]
[EventType "team-swiss"]
[EventDate "2021.08.06"]

1. d4 d5 2. c4 c6 3. Nf3 Nf6 4. e3 Bf5 5. Nc3 e6 6. cxd5 exd5 7. Bd3 Bg6 8. Ne5
Nbd7 9. Bxg6 hxg6 10. Nxd7 Qxd7 11. Qf3 O-O-O 12. Bd2 Bd6 13. O-O-O Rxh2 14.
Rxh2 Bxh2 15. g3 Qg4 16. Qg2 Rh8 17. Rh1 Qh3 18. Qf3 g5 19. Kb1 Kd8 20. e4 g4
21. Qf4 Qg2 22. Rc1 dxe4 23. Qb8+ Ke7 24. Qxh8 Qxf2 25. Bf4 Bxg3 26. Bxg3 Qxg3
27. Qxg7 Qd3+ 28. Ka1 Qxd4 29. Re1 e3 30. Qg5 Kf8 31. Qxe3 Qxe3 32. Rxe3 Nd5
33. Nxd5 cxd5 34. Kb1 d4 35. Rd3 f5 36. Rxd4 g3 37. Rd2 f4 38. Rg2 Kg7 39. Kc2
Kg6 40. Kd3 Kg5 41. Ke2 Kg4 42. Rg1 f3+ 43. Kf1 f2 44. Rg2 Kf3 45. b3 b6 46. a3
a6 47. b4 b5 48. a4 bxa4 49. b5 a3 50. Rxg3+ Kxg3 51. bxa6 a2 52. a7 a1=Q+ 53.
Ke2 Qxa7 0-1

[Event "DVM U10 2020"]
[Site "Magdeburg GER"]
[Date "2021.08.07"]
[Round "3"]
[White "Kraeh, Niklas"]
[Black "Rinke, Alexander"]
[Result "1/2-1/2"]
[Termination "normal"]
[Board "19.2"]
[WhiteElo "1089"]
[BlackElo "1132"]
[WhiteTeam "SV Multatuli Ingelheim e.V."]
[BlackTeam "Hannover 96"]
[PlyCount "91"]
[WhiteFideId "34610073"]
[BlackFideId "34623523"]
[EventCountry "GER"]
[EventRounds "7"]
[EventType "team-swiss"]
[EventDate "2021.08.06"]

1. d4 d5 2. c4 c6 3. cxd5 cxd5 4. Nc3 Nc6 5. Bf4 Bf5 6. e3 e6 7. Nb5 Qa5+ 8.
Nc3 Nf6 9. Nf3 Qb6 10. Bb5 a6 11. Ba4 Qxb2 12. Rc1 Bb4 13. Qd2 Bxc3 14. Rxc3
Qxd2+ 15. Kxd2 Ne4+ 16. Kc2 Nxc3+ 17. Kxc3 Ke7 18. Ne5 Nxe5 19. Bxe5 Rac8+ 20.
Kd2 f6 21. Bf4 Be4 22. f3 Bg6 23. h3 b5 24. Bb3 a5 25. a4 b4 26. Bd1 Rb8 27.
Bxb8 Rxb8 28. Kc1 b3 29. Kb2 Rc8 30. Bxb3 Kd6 31. Rc1 Rxc1 32. Kxc1 e5 33.
dxe5+ fxe5 34. Kd2 d4 35. e4 Be8 36. g4 Kc5 37. Kc2 Kb4 38. Bg8 Bxa4+ 39. Kb2
h6 40. h4 Bb3 41. Bxb3 a4 42. Ba2 d3 43. Kc1 Kc3 44. Kd1 Kb2 45. Bc4 a3 46. Kd2
1/2-1/2